|
|
|
|
| LEADER |
00672cam a2200205 7i4500 |
| 001 |
0000017632 |
| 005 |
20151104090000.0 |
| 005 |
##20151104121000.0 |
| 003 |
##MY-KlINT |
| 020 |
# |
# |
|a 9834109903
|
| 039 |
# |
9 |
|y 201511041210
|z VLOAD
|
| 090 |
0 |
0 |
|a 153.4
|b BON
|
| 100 |
1 |
# |
|a Bono, Edward de
|
| 245 |
1 |
0 |
|a Edward de Bono methods - applications in Malaysia context :
|b 19 cases from the 1st independent de Bono consultant /
|c by Edward de Bono.
|
| 260 |
# |
# |
|a Selangor:
|b Edward de Bono Method,
|c 2002.
|
| 300 |
# |
# |
|a 69p.:
|b ill.col.;
|c 22cm.
|
| 500 |
# |
# |
|a Includes bibliographical references
|
| 650 |
# |
0 |
|a Strategic planning
|
| 650 |
# |
0 |
|a Creative thinking
|
| 650 |
# |
0 |
|a Thought and thinking
|